000 01167nam a2200313Ic 4500
001 59823
003 CO-BoRNBP
005 20251106215619.0
007 ta
008 180109s2015 mx a g 000 0 spa
020 _a9786071721235
040 _aCO-BoRNBP
_bspa
_erda
_cCO-BoRNBP
041 _aspa
082 0 4 _a631.5
_bC84
084 _a2018
245 0 0 _aCultivos básicos :
_bproducción vegetal /
_cbasado en el trabajo de Ir. Johan D. Berlijn ; con la colaboración de F.R. Kirchner Salinas, E. López González y G. Solís Carbajal ; revisión de Mtra. F. Orozco Luna.
250 _aCuarta edición
264 1 _aMéxico :
_bEditorial Trillas,
_c2015
300 _a96 páginas :
_bilustraciones, fotografías en blanco y negro, tablas y gráficos
336 _atexto
_btxt
_2rdacontent
337 _asin mediación
_bn
_2rdamedia
338 _avolumen
_bnc
_2rdacarrier
490 0 _aManuales para educación agropecuaria
500 _aBasado en el trabajo de Ir. Johan D. Berlijn
650 0 7 _aCultivos
_vManuales, vademécum, etc
_2LEMB
_966762
650 0 7 _aProducción vegetal
_2lemb
_966763
700 _aBerlijn, Johan D.
_966764
942 _2ddc
_cBK
999 _c59823
_d59823